Les Meilleurs buteurs de la Premier League 2012-2013 - Statistiques

Statistiques générales
  • Ce quiz a été pris 120 fois
  • Le résultat moyen est 6 sur 10
Statistiques - réponses
Buts Nationalité Club Joueur % Correct
15 Sénégal Chelsea Demba Ba
99%
23 Uruguay Liverpool Luis Suárez
99%
21 Pays de Galles Tottenham Hotspur Gareth Bale
98%
26 Pays-Bas Manchester United Robin van Persie
97%
17 Belgique West Bromwich Albion Romelu Lukaku
74%
15 Bulgarie Fulham Dimitar Berbatov
67%
15 Angleterre Chelsea Frank Lampard
50%
19 Belgique Aston Villa Christian Benteke
47%
18 Espagne Swansea City Michu
14%
15 Angleterre Southampton Rickie Lambert
3%
Aucun quiz correspondant
Distribution des résultats
% des personnes avec chaque résultat
Percentile par nombre de réponses
Votre historique - résultats
Vous n’avez pas pris ce quiz